000 00647nam a2200217Ia 4500
003 GCL
008 140319s9999 xx 000 0 ara d
040 _aGCL /
_cGCL
082 0 4 _a193
_bن م
100 1 _aنيتشة، فريدريك
245 1 0 _aماوراء الخير والشر (مختارات) /
_cنيتشة، فريدريك
700 1 _aمحمد عظيمة (مترجم)
260 _a[S.N] :
_bالمجالس
300 _a247
490 _a
650 0 4 _aالفلسفة
650 0 4 _aالفلسفة الحديثة
650 0 4 _aالفلسفة الغربية
650 0 4 _aالفلسفة الالمانية
942 _2ddc
_cBK
999 _c29822
_d29822